000 00995nam a2200313 4500
001 00145
003 DO-SdBNP
005 20171108140401.0
007 00145
008 160905b1998 sp |||| |||| 00| 0 spa d
020 _a8430603212
040 _aBPMSU
_bspa
_cBPMSU
082 4 _a305.3
_bA259p
100 1 _aAgacinski, Sylviane.
245 1 0 _aPolítica de sexos /
_cSylviane Agacinski ; traducción de Héctor Subirats y Maite Baiges Artís
260 0 _aMadrid :
_bSantillana,
_c1998
300 _a171 p. ;
_c 22 cm.
490 1 _aPensamiento /Taurus
500 _aIncluye referencias bibliográficas y notas al pie de las páginas
650 4 _aROLES SEXUALES
650 4 _aDIFERENCIAS SEXUALES
650 4 _aSEXO (PSICOLOGÍA)
700 1 2 _aSubirats, Héctor,
_etraductor
700 1 2 _aBaiges Artís, Maite
_etraductor
830 0 _aPensamiento /Taurus
942 _2ddc
_cBK
945 _aInventariado extranjero / 2017 VM
956 _2VMATEO
_b10
_c20160905
_dBPMSU
_f0069
999 _c11319
_d11319